000 01516cam a2200349 a 4500
999 _c529512
_d529512
001 4330954
003 NUST
005 20190927094944.0
008 880315s1988 dcua b 000 0 eng
010 _a 88050293
020 _a0309045509 :
_c$9.00
038 _aMSOHAIL
040 _aDLC
_cDLC
_dDLC
050 0 0 _aTG340
_b.M29 1988
082 0 0 _a624.257
_220
100 1 _aManning, David G.
_921497
245 1 0 _aDurability of prestressed concrete highway structures /
_cDavid G. Manning ; topic panel, Adrian G. Clary ... [et al.].
260 _aWashington, D.C. :
_bTransportation Research Board, National Research Council,
_c[1988].
300 _a65 p. :
_bill. ;
_c28 cm.
440 0 _aSynthesis of highway practice,
_x0547-5570 ;
_v140
_921714
500 _a"Research sponsored by the American Association of State Highway and Transportation Officials in cooperation with the Federal Highway Administration."
500 _a"November 1988."
504 _aIncludes bibliographical references (p. 58-65).
650 0 _aConcrete bridges
_xDeterioration.
_921715
650 0 _aTendons (Prestressed concrete)
_xCorrosion.
_921716
650 0 _aPrestressed concrete construction.
_920245
710 2 _aAmerican Association of State Highway and Transportation Officials.
_919553
710 1 _aUnited States.
_bFederal Highway Administration.
_920149
906 _a7
_bcbc
_corignew
_d3
_eocip
_f19
_gy-gencatlg
942 _2ddc
_cBK